00697cam a2200205 a 450000100100000000500170001000800410002702000150006804000350008308200190011810000340013724500330017126000290020430000210023365000310025465000350028591000340032095201220035499900150047600000396320200929150637.0900301s1991 nyu 000 f eng  a0440211891 aDO-SdBNPcDLCdDLCdOCoLCdDLC a813.54bS813he1 aSteel, Danielled1947-91071810aHeartbeat /cDanielle Steel. aNew York :bDell,c1991. a358 p. ;c17 cm. 4aNovela estadounidense9262 4aLiteratura estadounidense9263 aCatalogación por copia / LC 001052708MOaGRbGRcHDd2009-07-15iLF1l0o813.54 S813hep3963-10r2020-06-25w2020-06-25y2ZPréstamo interno c3782d3782